<?xml version="1.0" encoding="UTF-8"?>
<marc:record xmlns:marc="http://www.loc.gov/MARC21/slim">
   <marc:leader>00000nam a2200000 a 4500</marc:leader>
   <marc:datafield ind1="1" ind2=" " tag="100">
      <marc:subfield code="a">Bast, Eva-Maria</marc:subfield>
      <marc:subfield code="4">aut</marc:subfield>
      <marc:subfield code="e">Verfasser/-in</marc:subfield>
   </marc:datafield>
   <marc:datafield ind1=" " ind2=" " tag="653">
      <marc:subfield code="a">Fiktionale Darstellung</marc:subfield>
   </marc:datafield>
   <marc:datafield ind1=" " ind2=" " tag="653">
      <marc:subfield code="a">Romanhafte Biographien</marc:subfield>
   </marc:datafield>
   <marc:datafield ind1="0" ind2="0" tag="245">
      <marc:subfield code="a">Die Queen</marc:subfield>
   </marc:datafield>
   <marc:datafield ind1="0" ind2="0" tag="245">
      <marc:subfield code="b">Elizabeth II. - als Königin regierte sie ein Land, als Ehefrau und Mutter kämpfte sie um Erfüllung</marc:subfield>
   </marc:datafield>
   <marc:datafield ind1="0" ind2="0" tag="245">
      <marc:subfield code="c">Bast, Eva-Maria</marc:subfield>
   </marc:datafield>
   <marc:datafield ind1=" " ind2="1" tag="264">
      <marc:subfield code="a">München</marc:subfield>
      <marc:subfield code="b">Piper</marc:subfield>
   </marc:datafield>
   <marc:datafield ind1="1" ind2=" " tag="490">
      <marc:subfield code="a">Die Queen</marc:subfield>
      <marc:subfield code="v">2</marc:subfield>
   </marc:datafield>
   <marc:datafield ind1="1" ind2=" " tag="520">
      <marc:subfield code="a">Zwischen der Rolle der Königin, Mutter und Ehefrau&#xD;
London, 1956: Die Königin von England und dem Commonwealth, Elizabeth II., hat sich gerade erst in ihre neue Rolle eingelebt, da warten bereits die nächsten Herausforderungen auf sie. Premierminister Anthony Eden bereitet ihr in der Suezkrise große politische Sorgen, die Lage spitzt sich zu. Gleichzeitig werden Prinz Philip immer wieder außereheliche Affären nachgesagt, dabei sollte er doch gerade jetzt unterstützend an der Seite seiner Frau stehen! Als dann auch noch Prinzessin Margaret um den Segen für ihre Heirat mit einem Bürgerlichen bittet, scheint sich der nächste Skandal anzubahnen …&#xD;
Kein anderer britischer Monarch regierte so lange wie Queen Elizabeth II. mit ihren 70 Jahren auf dem Thron. In ihrer zweiten Romanbiografie um die englische Königin beleuchtet Erfolgsautorin Eva-Maria Bast die ersten Jahre der Regentschaft von Queen Elizabeth II., welche die junge Monarchin vor eine große Zerreißprobe stellten.</marc:subfield>
   </marc:datafield>
   <marc:datafield ind1=" " ind2=" " tag="020">
      <marc:subfield code="a">9783492063807</marc:subfield>
      <marc:subfield code="9">9783492063807</marc:subfield>
   </marc:datafield>
   <marc:datafield ind1=" " ind2=" " tag="020">
      <marc:subfield code="a">3492063802</marc:subfield>
      <marc:subfield code="9">3492063802</marc:subfield>
   </marc:datafield>
   <marc:datafield ind1=" " ind2=" " tag="041">
      <marc:subfield code="a">ger</marc:subfield>
   </marc:datafield>
   <marc:datafield ind1="0" ind2=" " tag="490">
      <marc:subfield code="v">2</marc:subfield>
   </marc:datafield>
   <marc:datafield ind1=" " ind2=" " tag="338">
      <marc:subfield code="a">Band</marc:subfield>
   </marc:datafield>
   <marc:datafield ind1=" " ind2=" " tag="300">
      <marc:subfield code="a">413 Seiten</marc:subfield>
   </marc:datafield>
</marc:record>
